000
00351 a2200169 4500
001
56442
020
_a
8532518745
040
_c
Anchieta - Pituba
100
_a
Braz, Júlio Emílio
240
1
0
_a
Megalópolis
_l
por
245
1
0
_a
Megalópolis
300
_a
100
362
0
_a
2006
440
1
_a
Rocco
650
4
_a
Literatura juvenil
942
_c
BK
999
_c
56442
_d
56442